[Event "II. CLANSKA LIGA ZAHOD 2023"]
[Site "Komenda"]
[Date "2023.11.26"]
[Round "9.1"]
[White "Skoberne, Jure"]
[Black "Bratovic, Blaz"]
[Result "1-0"]
[WhiteElo "2538"]
[BlackElo "2350"]
[PlyCount "75"]
[EventDate "2023.11.26"]
[WhiteTeam "SD POSOCJE"]
[BlackTeam "SD GORENJKA LESCE"]

1. d4 Nf6 2. Nf3 e6 3. Bf4 b6 4. e3 Be7 5. h3 c5 6. Nbd2 O-O 7. c3 cxd4 8. exd4
d6 9. a4 Ba6 10. Bb5 Qc8 11. O-O Nd5 12. Bg3 Nc7 13. Bxa6 Qxa6 14. Ne4 Ne8 15.
d5 e5 16. Nxe5 dxe5 17. d6 Nxd6 18. Nxd6 Nc6 19. Nf5 Bf6 20. Qf3 Qc8 21. Rad1
e4 22. Qxe4 Qe6 23. Qxe6 fxe6 24. Nd6 Be5 25. Bxe5 Nxe5 26. Rfe1 Nd7 27. b4 Nf6
28. Rxe6 Rfd8 29. Rd4 Rd7 30. g4 Rad8 31. c4 Rc7 32. g5 Nh5 33. Re5 Rc6 34. c5
Rf8 35. Nf5 Rc7 36. c6 Rcf7 37. Ne7+ Kh8 38. Rf5 1-0

[Event "II. CLANSKA LIGA ZAHOD 2023"]
[Site "Komenda"]
[Date "2023.11.26"]
[Round "9.2"]
[White "Mencinger, Vojko"]
[Black "Srebrnic, Marko"]
[Result "1-0"]
[WhiteElo "2296"]
[BlackElo "2366"]
[PlyCount "95"]
[EventDate "2023.11.26"]
[WhiteTeam "SD GORENJKA LESCE"]
[BlackTeam "SD POSOCJE"]

1. e4 c5 2. Nf3 Nc6 3. d4 cxd4 4. Nxd4 e5 5. Nb5 d6 6. N1c3 a6 7. Na3 Be7 8.
Nc4 b5 9. Ne3 Nf6 10. Bd3 O-O 11. a4 b4 12. Ncd5 Be6 13. Bd2 a5 14. O-O Nd7 15.
Bb5 Rc8 16. c3 bxc3 17. Bxc3 Bg5 18. Nc4 Nc5 19. Nxd6 Qxd6 20. Nf6+ Bxf6 21.
Qxd6 Nxe4 22. Qd1 Nxc3 23. bxc3 e4 24. Rc1 Ne5 25. Qd6 h5 26. Qa6 h4 27. h3 Rc5
28. Qxa5 Ng6 29. Qb6 Rg5 30. Qe3 Rc8 31. Kh1 Re5 32. Qb6 Nf4 33. Rfd1 Rg5 34.
Bd7 Bxd7 35. Rxd7 Nd3 36. Rc2 Rcc5 37. Qb8+ Kh7 38. Rxf7 e3 39. fxe3 Rcf5 40.
Qb1 Kh6 41. Kg1 Ra5 42. Qf1 Ne5 43. Rxf6+ gxf6 44. Qxf6+ Ng6 45. Rf2 Rxa4 46.
Rf4 Ra1+ 47. Kh2 Kh5 48. Rf5 1-0

[Event "II. CLANSKA LIGA ZAHOD 2023"]
[Site "Komenda"]
[Date "2023.11.26"]
[Round "9.3"]
[White "Biti, Ozren"]
[Black "Petek, Primoz"]
[Result "1-0"]
[WhiteElo "2305"]
[BlackElo "2113"]
[PlyCount "43"]
[EventDate "2023.11.26"]
[WhiteTeam "SD POSOCJE"]
[BlackTeam "SD GORENJKA LESCE"]

1. e4 Nc6 2. Nf3 Nf6 3. e5 Ng4 4. d4 d6 5. h3 Nh6 6. exd6 Qxd6 7. Na3 Bf5 8.
Nc4 Qd7 9. a3 f6 10. d5 O-O-O 11. Bxh6 gxh6 12. dxc6 Qxc6 13. Nd4 Qe8 14. Qf3
Bd7 15. Na5 c6 16. Bd3 e5 17. Nf5 Rg8 18. Be4 Be6 19. O-O Bc5 20. Rad1 Rg5 21.
h4 Rg6 22. b4 1-0

[Event "II. CLANSKA LIGA ZAHOD 2023"]
[Site "Komenda"]
[Date "2023.11.26"]
[Round "9.4"]
[White "Pavlin, Damijan"]
[Black "Beletic, Danijel"]
[Result "1/2-1/2"]
[WhiteElo "1926"]
[BlackElo "2243"]
[PlyCount "73"]
[EventDate "2023.11.26"]
[WhiteTeam "SD GORENJKA LESCE"]
[BlackTeam "SD POSOCJE"]

1. d4 Nf6 2. Nf3 c5 3. d5 g6 4. c4 b5 5. cxb5 a6 6. Nc3 axb5 7. Nxb5 Ba6 8. Nc3
Bg7 9. g3 d6 10. Bg2 O-O 11. O-O Nfd7 12. Qc2 Nb6 13. Rd1 N8d7 14. b3 Bxe2 15.
Qxe2 Bxc3 16. Bb2 Bxb2 17. Qxb2 Nf6 18. Ne1 Qd7 19. Nc2 Rfb8 20. Qc3 Qb7 21.
Ne3 Ra3 22. Qc2 Rba8 23. h3 Qa7 24. Rd2 Qa5 25. Kh2 Qb4 26. Rb1 h5 27. Rb2 h4
28. Re2 hxg3+ 29. fxg3 Kg7 30. Nc4 R3a7 31. a3 Qb5 32. Nxb6 Qxb6 33. b4 Rc8 34.
Qc3 Qa6 35. b5 Qxa3 36. Qxa3 Rxa3 37. Rxe7 1/2-1/2

[Event "II. CLANSKA LIGA ZAHOD 2023"]
[Site "Komenda"]
[Date "2023.11.26"]
[Round "9.5"]
[White "Hozjan, Erik"]
[Black "Kocjancic, Luka"]
[Result "1-0"]
[WhiteElo "1899"]
[BlackElo "1288"]
[PlyCount "39"]
[EventDate "2023.11.26"]
[WhiteTeam "SD POSOCJE"]
[BlackTeam "SD GORENJKA LESCE"]

1. e4 e5 2. Nf3 Nc6 3. Bc4 Nf6 4. Ng5 d5 5. exd5 Na5 6. Bb5+ c6 7. dxc6 bxc6 8.
Bd3 Ng4 9. Nh3 Bc5 10. Qe2 O-O 11. b4 Bxb4 12. Qe4 Nf6 13. Qxb4 Bxh3 14. gxh3
Nd5 15. Qa4 f5 16. Nc3 Nf4 17. Ba3 Nxd3+ 18. cxd3 Rf6 19. O-O-O Rb8 20. Kc2 1-0

[Event "II. CLANSKA LIGA ZAHOD 2023"]
[Site "Komenda"]
[Date "2023.11.26"]
[Round "9.6"]
[White "Primozic, Lovro"]
[Black "Zlatanovic, Marcus"]
[Result "0-1"]
[WhiteElo "1354"]
[BlackElo "1741"]
[PlyCount "82"]
[EventDate "2023.11.26"]
[WhiteTeam "SD GORENJKA LESCE"]
[BlackTeam "SD POSOCJE"]

1. e4 c5 2. Nc3 Nc6 3. Bb5 Nd4 4. a4 Nxb5 5. axb5 d6 6. f4 Nf6 7. Nf3 e6 8. O-O
Be7 9. h3 d5 10. e5 Nd7 11. d3 d4 12. Ne4 Nb6 13. Nfg5 h6 14. Nf3 Bd7 15. Qe1
Bxb5 16. Qg3 Rg8 17. Nfd2 Nd5 18. Nc4 Bxc4 19. dxc4 Nb4 20. c3 dxc3 21. bxc3
Nc6 22. Be3 Qc7 23. Qf3 O-O-O 24. Rfb1 b6 25. Ra6 f6 26. Kh1 Nb8 27. Ra2 fxe5
28. Rba1 Nc6 29. Ra6 Na5 30. Nxc5 Bxc5 31. Bxc5 Qb7 32. Qxb7+ Kxb7 33. R1xa5
bxa5 34. Rxa7+ Kc6 35. Rxa5 Ra8 36. Rb5 Rgb8 37. Rxb8 Rxb8 38. Be3 exf4 39.
Bxf4 Rb1+ 40. Kh2 Kc5 41. Be5 g6 0-1

[Event "II. CLANSKA LIGA ZAHOD 2023"]
[Site "Komenda"]
[Date "2023.11.26"]
[Round "9.1"]
[White "Jakob, Matthias"]
[Black "Prestrl, Jozef"]
[Result "1/2-1/2"]
[WhiteElo "2023"]
[BlackElo "1797"]
[PlyCount "60"]
[EventDate "2023.11.26"]
[WhiteTeam "SK TRZIN"]
[BlackTeam "SD RADOVLJICA"]

1. e4 c6 2. d4 d5 3. exd5 cxd5 4. c4 e6 5. Nc3 Nf6 6. Nf3 Be7 7. cxd5 exd5 8.
Bb5+ Bd7 9. Bxd7+ Nbxd7 10. Qb3 Nb6 11. O-O O-O 12. a4 Qc7 13. Ne5 a6 14. a5
Nc4 15. Nxd5 Nxd5 16. Nxc4 Bf6 17. Be3 Rad8 18. g3 Rfe8 19. Rac1 Qe7 20. Rfe1
Qb4 21. Qd3 Qb5 22. Red1 Nb4 23. Qb1 Nc6 24. d5 Nxa5 25. Nxa5 Qxa5 26. b4 Qb5
27. Rc5 Qd7 28. Qc2 Rc8 29. Bf4 Rxc5 30. bxc5 Qc8 1/2-1/2

[Event "II. CLANSKA LIGA ZAHOD 2023"]
[Site "Komenda"]
[Date "2023.11.26"]
[Round "9.2"]
[White "Simnic, Franci"]
[Black "Jukan, Nesib"]
[Result "0-1"]
[WhiteElo "1685"]
[BlackElo "1949"]
[PlyCount "74"]
[EventDate "2023.11.26"]
[WhiteTeam "SD RADOVLJICA"]
[BlackTeam "SK TRZIN"]

1. Nf3 d5 2. d4 Nf6 3. c4 c6 4. Nc3 e6 5. Bg5 Nbd7 6. e3 Qa5 7. Bd3 Ne4 8. Rc1
Nxg5 9. Nxg5 dxc4 10. Qh5 g6 11. Qg4 cxd3 12. O-O Be7 13. f4 Nf6 14. Qf3 h6 15.
Nh3 Nh5 16. Qf2 Nf6 17. e4 Bb4 18. Qh4 Qd8 19. f5 g5 20. Qg3 g4 21. Nf2 Qxd4
22. Kh1 Bd6 23. Qh4 Be7 24. e5 Ne4 25. f6 Nd2 26. fxe7 Nxf1 27. Qf6 Rh7 28.
Rxf1 Qb4 29. a3 Qxe7 30. Qf4 Bd7 31. Nce4 O-O-O 32. Nd6+ Kb8 33. Rd1 Qg5 34.
Qb4 Bc8 35. Nc4 f5 36. Na5 Rc7 37. Nc4 f4 0-1

[Event "II. CLANSKA LIGA ZAHOD 2023"]
[Site "Komenda"]
[Date "2023.11.26"]
[Round "9.3"]
[White "Krumpak, Hinko"]
[Black "Krivec, Metod"]
[Result "1-0"]
[WhiteElo "2008"]
[BlackElo "1773"]
[PlyCount "109"]
[EventDate "2023.11.26"]
[WhiteTeam "SK TRZIN"]
[BlackTeam "SD RADOVLJICA"]

1. Nf3 g6 2. g3 Bg7 3. d4 d6 4. e4 Nc6 5. Bg2 e5 6. dxe5 dxe5 7. Qxd8+ Nxd8 8.
Be3 Ne6 9. Na3 Ne7 10. c3 O-O 11. Ng5 Nxg5 12. Bxg5 f6 13. Be3 b6 14. O-O Be6
15. Rfd1 a6 16. Rd2 Nc6 17. b3 Rfd8 18. Rad1 Rxd2 19. Rxd2 Rd8 20. Rxd8+ Nxd8
21. Bf1 Bc8 22. f3 Kf7 23. Kf2 Bf8 24. Nc2 a5 25. Ne1 Be6 26. Bb5 Bd6 27. Nd3
Ke7 28. Nb2 c5 29. h4 h5 30. c4 Bd7 31. Bxd7 Kxd7 32. Nd1 Ne6 33. Nc3 Nc7 34.
a4 Be7 35. Nd5 Nxd5 36. cxd5 Kd6 37. Ke2 Kc7 38. f4 Bd6 39. Kf3 Kd7 40. Bd2 Ke7
41. Bc3 Kf7 42. fxe5 fxe5 43. Ke2 Ke7 44. Kd3 Kd7 45. Kc4 Kc7 46. Kb5 Kb7 47.
Bd2 Kc7 48. Bg5 Kb7 49. Bf6 Kc7 50. Ka6 Kd7 51. Kxb6 Bb8 52. Kxa5 Kd6 53. Kb5
c4 54. bxc4 Ba7 55. c5+ 1-0

[Event "II. CLANSKA LIGA ZAHOD 2023"]
[Site "Komenda"]
[Date "2023.11.26"]
[Round "9.4"]
[White "Torkar, Boris"]
[Black "Rojs, Igor"]
[Result "1/2-1/2"]
[WhiteElo "1783"]
[BlackElo "1909"]
[PlyCount "63"]
[EventDate "2023.11.26"]
[WhiteTeam "SD RADOVLJICA"]
[BlackTeam "SK TRZIN"]

1. d4 d5 2. c4 Nf6 3. e3 c6 4. Nc3 g6 5. Nf3 Bg7 6. Be2 O-O 7. O-O Re8 8. b3
Ne4 9. Bb2 Nxc3 10. Bxc3 c5 11. Rc1 cxd4 12. Bxd4 dxc4 13. Bxc4 Nc6 14. Bxg7
Kxg7 15. Bb5 Bd7 16. Qd5 Qb6 17. Ng5 Rf8 18. Bc4 Be8 19. Rfd1 Rd8 20. Qe4 h6
21. Nf3 e6 22. Rxd8 Qxd8 23. Bb5 a6 24. Be2 Qa5 25. Qc2 f6 26. Qd2 Qxd2 27.
Nxd2 Rf7 28. Ne4 Rc7 29. Nc5 Kf7 30. Bc4 Bd7 31. h3 Ke7 32. Rd1 1/2-1/2

[Event "II. CLANSKA LIGA ZAHOD 2023"]
[Site "Komenda"]
[Date "2023.11.26"]
[Round "9.6"]
[White "Bec, Alojz"]
[Black "Borstnik, Ales"]
[Result "1/2-1/2"]
[WhiteElo "1853"]
[BlackElo "1799"]
[PlyCount "142"]
[EventDate "2023.11.26"]
[WhiteTeam "SD RADOVLJICA"]
[BlackTeam "SK TRZIN"]

1. e4 c5 2. Nf3 d6 3. d4 cxd4 4. Nxd4 Nf6 5. Nc3 a6 6. a3 e5 7. Nf3 Be7 8. h3
O-O 9. Bd3 Nbd7 10. O-O b5 11. Be3 Bb7 12. Re1 Qc7 13. Rc1 Rfd8 14. Nh2 Nb6 15.
Ng4 Nc4 16. Nxf6+ Bxf6 17. Rb1 Nxb2 18. Nxb5 axb5 19. Rxb2 Rxa3 20. Rxb5 Rda8
21. Qd2 Ba6 22. Rb6 Bxd3 23. cxd3 h6 24. Reb1 Ra2 25. Rb8+ Kh7 26. R8b2 Rb8 27.
Rxa2 Rxb1+ 28. Kh2 Qb7 29. Qc2 Qb3 30. Qxb3 Rxb3 31. Rd2 Bd8 32. d4 Ba5 33. Rd1
Bb6 34. dxe5 Bxe3 35. fxe3 dxe5 36. Re1 Rb4 37. Kg3 Rxe4 38. Kf3 Ra4 39. Rb1
Kg6 40. Rb5 f6 41. Rb3 h5 42. g3 Kf5 43. h4 e4+ 44. Kg2 Kg4 45. Rb2 g5 46. hxg5
fxg5 47. Rf2 Ra3 48. Re2 Rd3 49. Kf2 h4 50. gxh4 gxh4 51. Kg2 Rb3 52. Re1 Rb2+
53. Kh1 Kf3 54. Kg1 Re2 55. Rf1+ Kxe3 56. Rf8 Re1+ 57. Kg2 Re2+ 58. Kg1 Kd2 59.
Rd8+ Ke1 60. Rh8 e3 61. Rxh4 Rd2 62. Ra4 Rc2 63. Ra1+ Kd2 64. Ra6 Ke1 65. Ra1+
Ke2 66. Kg2 Rd2 67. Rb1 Kd3+ 68. Kf1 Rf2+ 69. Ke1 Rh2 70. Rb3+ Ke4 71. Rb7 Kf3
1/2-1/2

[Event "II. CLANSKA LIGA ZAHOD 2023"]
[Site "Komenda"]
[Date "2023.11.26"]
[Round "9.1"]
[White "Vogrin, Aljaz"]
[Black "Rozman, Mitja"]
[Result "0-1"]
[WhiteElo "1633"]
[BlackElo "1984"]
[PlyCount "122"]
[EventDate "2023.11.26"]
[WhiteTeam "SD VRHNIKA"]
[BlackTeam "DRUSTVO TOMO ZUPAN"]

1. d4 Nf6 2. c4 g6 3. Nc3 Bg7 4. e4 d6 5. Be2 c6 6. Be3 e5 7. Nf3 Nbd7 8. Qd2
h5 9. h3 Qe7 10. d5 c5 11. O-O O-O 12. a3 Nh7 13. b4 b6 14. Rab1 f5 15. exf5
gxf5 16. Bh6 Rf6 17. Bg5 Nxg5 18. Nxg5 Rg6 19. h4 Nf6 20. bxc5 bxc5 21. Rb3 Bh6
22. Rfb1 Nh7 23. Bxh5 Nxg5 24. hxg5 Rxg5 25. Qe2 Kh7 26. g3 Ba6 27. Bf3 Rag8
28. Bg2 Qf7 29. Bh3 Rh5 30. Kg2 Rh4 31. Nb5 Bf8 32. Rh1 Kh8 33. a4 Rg7 34. Rbb1
Rhh7 35. Qc2 e4 36. Qc3 f4 37. Be6 f3+ 38. Kg1 Qg6 39. Re1 Rxh1+ 40. Kxh1 Be7
41. Qe3 Qh6+ 42. Kg1 Qh4 43. Qd2 Bg5 44. Qc2 Bf6 45. Rxe4 Qh5 46. Bf5 Bxb5 47.
axb5 Bd4 48. Rxd4 cxd4 49. Qe4 d3 50. Qxd3 Re7 51. Qc3+ Kg8 52. Be6+ Kf8 53.
Qf6+ Ke8 54. Qf4 Rh7 55. Qh4 Qxh4 56. gxh4 Rxh4 57. Bf5 Rxc4 58. Kh2 Rb4 59.
Kg3 Rxb5 60. Be4 Rb3 61. Bxf3 Rxf3+ 0-1

[Event "II. CLANSKA LIGA ZAHOD 2023"]
[Site "Komenda"]
[Date "2023.11.26"]
[Round "9.2"]
[White "Bobnar, Samo"]
[Black "Vodnik, Val"]
[Result "1-0"]
[WhiteElo "1853"]
[BlackElo "1556"]
[PlyCount "41"]
[EventDate "2023.11.26"]
[WhiteTeam "DRUSTVO TOMO ZUPAN"]
[BlackTeam "SD VRHNIKA"]

1. e4 e5 2. Nc3 Nf6 3. f4 d5 4. fxe5 Nxe4 5. Qf3 Nxc3 6. bxc3 Be6 7. d4 c5 8.
Bd3 Nc6 9. Ne2 Qb6 10. Be3 Be7 11. O-O g6 12. Rab1 Qc7 13. Nf4 O-O-O 14. Nxe6
fxe6 15. Qh3 Kd7 16. Rf7 c4 17. Bxc4 dxc4 18. d5 Nxe5 19. Rxe7+ Kxe7 20. Qxe6+
Kf8 21. Bh6+ 1-0

[Event "II. CLANSKA LIGA ZAHOD 2023"]
[Site "Komenda"]
[Date "2023.11.26"]
[Round "9.3"]
[White "Zlindra, Aljaz"]
[Black "Demsar, Maks"]
[Result "0-1"]
[WhiteElo "1376"]
[BlackElo "1532"]
[PlyCount "64"]
[EventDate "2023.11.26"]
[WhiteTeam "SD VRHNIKA"]
[BlackTeam "DRUSTVO TOMO ZUPAN"]

1. e4 e5 2. Nc3 Nf6 3. Bc4 Nc6 4. d3 Bc5 5. f4 d6 6. Nf3 Bg4 7. Na4 Bb6 8. Nxb6
axb6 9. c3 O-O 10. h3 Bxf3 11. Qxf3 Kh8 12. b4 exf4 13. Bxf4 Ne5 14. Bxe5 dxe5
15. O-O Qe7 16. Qf5 Ne8 17. Bb3 Nd6 18. Qf2 Qg5 19. a4 f5 20. c4 Rf6 21. Qe1
fxe4 22. Rxf6 Qxf6 23. c5 bxc5 24. bxc5 Nf5 25. Qxe4 Nd4 26. Bc4 Rf8 27. Re1
Qf2+ 28. Kh1 Nf3 29. Rd1 Qg3 30. gxf3 Qxh3+ 31. Kg1 Qg3+ 32. Kh1 Rf6 0-1

[Event "II. CLANSKA LIGA ZAHOD 2023"]
[Site "Komenda"]
[Date "2023.11.26"]
[Round "9.4"]
[White "Smirnov, Maksim"]
[Black "Sever, Gasper"]
[Result "1-0"]
[WhiteElo "1491"]
[BlackElo "1406"]
[PlyCount "65"]
[EventDate "2023.11.26"]
[WhiteTeam "DRUSTVO TOMO ZUPAN"]
[BlackTeam "SD VRHNIKA"]

1. d4 Nf6 2. Bf4 d5 3. Nf3 c5 4. c3 Nc6 5. e3 Qb6 6. Qc2 c4 7. Nbd2 g6 8. b3
Bf5 9. Qd1 cxb3 10. Qxb3 Na5 11. Qxb6 axb6 12. c4 dxc4 13. Nxc4 Nd5 14. Nxa5
Rxa5 15. Bg3 e6 16. Bc4 Bb4+ 17. Kf1 O-O 18. Bxd5 exd5 19. h4 Bc3 20. Rc1 Bb2
21. Rc7 Rxa2 22. Kg1 Ra7 23. h5 Rc8 24. hxg6 fxg6 25. Rhxh7 Rxc7 26. Rxc7 b5
27. Be5 b4 28. Ng5 b3 29. Nh7 Ra1+ 30. Kh2 Ba3 31. Rg7+ Kh8 32. Ng5 Be6 33.
Nf7+ 1-0

[Event "II. CLANSKA LIGA ZAHOD 2023"]
[Site "Komenda"]
[Date "2023.11.26"]
[Round "9.5"]
[White "Kobal, Peter"]
[Black "Rogelj, Tomaz"]
[Result "1-0"]
[WhiteElo "2047"]
[BlackElo "1765"]
[PlyCount "85"]
[EventDate "2023.11.26"]
[WhiteTeam "SD VRHNIKA"]
[BlackTeam "DRUSTVO TOMO ZUPAN"]

1. e4 c6 2. d4 d5 3. e5 Bf5 4. g4 Bg6 5. h4 h5 6. e6 Nf6 7. g5 Ne4 8. exf7+
Bxf7 9. Bf4 e6 10. Bd3 Bd6 11. Ne2 Qc7 12. Bxd6 Nxd6 13. Ng3 g6 14. Qe2 Qe7 15.
O-O Nd7 16. Nd2 O-O-O 17. Nf3 Rde8 18. Rfe1 Qd8 19. c3 Nf5 20. b4 Qc7 21. Kh2
Qf4 22. Bxf5 exf5 23. Qd3 Kc7 24. a4 Qd6 25. b5 c5 26. dxc5 Qxc5 27. Kg2 Qd6
28. Qd4 Nc5 29. Qg7 Qf8 30. Qd4 Qd6 31. Red1 Nb3 32. Qg7 Nxa1 33. Qxf7+ Re7 34.
Qxd5 Qxd5 35. Rxd5 Nb3 36. Ne5 Re6 37. Ne2 Kb6 38. Nf4 Rhe8 39. Nexg6 Re4 40.
Rxf5 Rxa4 41. Nf8 Ree4 42. Kg3 Nc5 43. g6 1-0

[Event "II. CLANSKA LIGA ZAHOD 2023"]
[Site "Komenda"]
[Date "2023.11.26"]
[Round "9.6"]
[White "Bobnar, Vid"]
[Black "Petek, Val"]
[Result "1-0"]
[WhiteElo "1835"]
[BlackElo "1000"]
[PlyCount "71"]
[EventDate "2023.11.26"]
[WhiteTeam "DRUSTVO TOMO ZUPAN"]
[BlackTeam "SD VRHNIKA"]

1. e4 e5 2. Nc3 d6 3. Bc4 c6 4. a4 Nd7 5. d3 Be7 6. Nge2 Ngf6 7. O-O O-O 8. Ng3
Rb8 9. Kh1 Re8 10. f4 exf4 11. Bxf4 Nf8 12. Nh5 Be6 13. Bxe6 Nxe6 14. Be3 Qa5
15. Nxf6+ Bxf6 16. Bd2 Qc7 17. Ne2 Bxb2 18. Rb1 Be5 19. c3 d5 20. d4 Bxh2 21.
e5 Bxe5 22. dxe5 Qxe5 23. Nf4 Qf6 24. Nxe6 Qh4+ 25. Kg1 Rxe6 26. Bf4 Rbe8 27.
Qf3 Rf6 28. Rxb7 h6 29. g3 Qh3 30. Qg2 Qxg2+ 31. Kxg2 g5 32. Bd6 Rxf1 33. Kxf1
Re3 34. Rxa7 Rxg3 35. Bxg3 Kg7 36. Rc7 1-0

[Event "II. CLANSKA LIGA ZAHOD 2023"]
[Site "Komenda"]
[Date "2023.11.26"]
[Round "9.1"]
[White "Zamar Kodelja, Jurij"]
[Black "Bulic, Josip"]
[Result "1-0"]
[WhiteElo "2245"]
[BlackElo "2236"]
[PlyCount "147"]
[EventDate "2023.11.26"]
[WhiteTeam "SK NOVA GORICA"]
[BlackTeam "SD PIRAN"]

1. e4 Nf6 2. e5 Nd5 3. d4 d6 4. Nf3 Bg4 5. Be2 e6 6. O-O Be7 7. h3 Bh5 8. c4
Nb6 9. Nc3 O-O 10. Be3 N8d7 11. exd6 cxd6 12. b3 Nf6 13. Rc1 h6 14. Bd3 Nh7 15.
g4 Bg6 16. Bxg6 fxg6 17. d5 e5 18. Ne4 Nf6 19. Ng3 Nbd7 20. Kg2 b6 21. Qd3 Qe8
22. b4 Qf7 23. Nd2 a5 24. b5 Rae8 25. f3 Bd8 26. Rce1 Bc7 27. Nb1 Re7 28. Nc3
Qe8 29. Bg1 Kh8 30. Re2 Qf7 31. Rfe1 Rfe8 32. Kh1 Kg8 33. Na4 Kh8 34. Kg2 Kg8
35. Rf1 Rf8 36. Qd1 Kh8 37. Qe1 Ree8 38. Be3 Kg8 39. Qf2 Rb8 40. Ree1 Rfe8 41.
Qc2 Rbc8 42. h4 Bd8 43. Qe2 Bc7 44. Rf2 Rb8 45. Rg1 Nf8 46. Kf1 Qd7 47. g5 hxg5
48. hxg5 Nh5 49. Rh2 Nxg3+ 50. Rxg3 Qf5 51. Nc3 Nd7 52. Ne4 Rf8 53. Kg2 Kf7 54.
Rgh3 Ke7 55. Rh7 Rg8 56. R2h3 Nf8 57. R7h4 Nd7 58. a4 Rbd8 59. Qd3 Nc5 60. Bxc5
bxc5 61. Qe2 Bb6 62. Ng3 Qb1 63. Rh1 Qb4 64. Qc2 Kd7 65. Ne4 Rdf8 66. Nxd6 Bd8
67. Ne4 Rf5 68. Rb1 Qa3 69. Rb3 Qa1 70. Rh1 Qd4 71. Rd3 Rxg5+ 72. Nxg5 Qf4 73.
Ne6 Qf5 74. Rd2 1-0

[Event "II. CLANSKA LIGA ZAHOD 2023"]
[Site "Komenda"]
[Date "2023.11.26"]
[Round "9.2"]
[White "Suc, Timothy"]
[Black "Herega, Nejc"]
[Result "1/2-1/2"]
[WhiteElo "2030"]
[BlackElo "2236"]
[PlyCount "60"]
[EventDate "2023.11.26"]
[WhiteTeam "SD PIRAN"]
[BlackTeam "SK NOVA GORICA"]

1. d4 Nf6 2. Nf3 e6 3. Bf4 d5 4. e3 Bd6 5. Nbd2 c5 6. Bxd6 Qxd6 7. dxc5 Qxc5 8.
c4 Nc6 9. Be2 O-O 10. O-O Qe7 11. a3 Rd8 12. Qc2 e5 13. cxd5 Nxd5 14. Rfd1 Be6
15. Rac1 Rac8 16. Qb1 f6 17. Bc4 Nb6 18. Bxe6+ Qxe6 19. Ne4 Na5 20. Rxd8+ Rxd8
21. Nc5 Qf7 22. b4 Nac4 23. a4 Nd6 24. Nd2 Rc8 25. Rd1 Qg6 26. Qb3+ Qf7 27. Qb1
Qg6 28. Qb3+ Qf7 29. Qb1 Qg6 30. Qb3+ Qf7 1/2-1/2

[Event "II. CLANSKA LIGA ZAHOD 2023"]
[Site "Komenda"]
[Date "2023.11.26"]
[Round "9.3"]
[White "Gregoric, Andraz"]
[Black "Znidarcic, Andrej"]
[Result "1-0"]
[WhiteElo "2171"]
[BlackElo "2133"]
[PlyCount "53"]
[EventDate "2023.11.26"]
[WhiteTeam "SK NOVA GORICA"]
[BlackTeam "SD PIRAN"]

1. e4 e5 2. Nf3 Nc6 3. Bb5 a6 4. Ba4 Nf6 5. d3 b5 6. Bb3 Bc5 7. a4 bxa4 8. Rxa4
O-O 9. O-O h6 10. Nxe5 Nxe5 11. d4 Nxe4 12. Bd5 Nc6 13. Bxe4 Be7 14. d5 f5 15.
Bf3 Ne5 16. d6 Nxf3+ 17. Qxf3 Bxd6 18. Qxa8 c6 19. Qa7 Bc7 20. Bf4 Bb6 21. Qb8
g5 22. Be5 Re8 23. Nd2 Bc5 24. Bd6 Bb6 25. Nc4 Bd4 26. Qb3 Kg7 27. Ne3 1-0

[Event "II. CLANSKA LIGA ZAHOD 2023"]
[Site "Komenda"]
[Date "2023.11.26"]
[Round "9.4"]
[White "Ribicic, Marko"]
[Black "Markocic, Tine"]
[Result "0-1"]
[WhiteElo "1757"]
[BlackElo "2059"]
[PlyCount "58"]
[EventDate "2023.11.26"]
[WhiteTeam "SD PIRAN"]
[BlackTeam "SK NOVA GORICA"]

1. e4 c5 2. Nf3 e6 3. c3 Nf6 4. Qc2 Qc7 5. Na3 a6 6. Nc4 b5 7. Ne3 Bb7 8. d3 d6
9. b3 Nbd7 10. Be2 Be7 11. a4 O-O 12. O-O d5 13. exd5 Nxd5 14. Nxd5 Bxd5 15. c4
bxc4 16. dxc4 Bf6 17. Bb2 Bc6 18. Nd2 Rab8 19. Bf3 Bxb2 20. Qxb2 Ne5 21. Bxc6
Nxc6 22. Nf3 Na5 23. Qe5 Qxe5 24. Nxe5 Rxb3 25. Rad1 f6 26. Nd7 Rc8 27. Rd6
Nxc4 28. Rxa6 Rb7 29. Rd1 Rd8 0-1

[Event "II. CLANSKA LIGA ZAHOD 2023"]
[Site "Komenda"]
[Date "2023.11.26"]
[Round "9.5"]
[White "Markocic, Spela"]
[Black "Goja, Matias"]
[Result "1-0"]
[WhiteElo "1810"]
[BlackElo "1575"]
[PlyCount "25"]
[EventDate "2023.11.26"]
[WhiteTeam "SK NOVA GORICA"]
[BlackTeam "SD PIRAN"]

1. e4 e6 2. d4 d5 3. Nc3 c5 4. Nf3 Nc6 5. Be3 Nf6 6. exd5 exd5 7. dxc5 Qa5 8.
Bb5 a6 9. Bxc6+ bxc6 10. Qd4 Rb8 11. Qe5+ Be7 12. Qxb8 O-O 13. Qb6 1-0

[Event "II. CLANSKA LIGA ZAHOD 2023"]
[Site "Komenda"]
[Date "2023.11.26"]
[Round "9.6"]
[White "Levacic, Matic"]
[Black "Vicic, Mark"]
[Result "0-1"]
[WhiteElo "1000"]
[BlackElo "1734"]
[PlyCount "38"]
[EventDate "2023.11.26"]
[WhiteTeam "SD PIRAN"]
[BlackTeam "SK NOVA GORICA"]

1. e4 d5 2. exd5 Qxd5 3. Nc3 Qa5 4. d4 Nf6 5. Bd2 Bf5 6. Qf3 Bc8 7. a4 c6 8.
Bc4 Qb6 9. Nge2 Bg4 10. Qd3 e6 11. f3 Bf5 12. Qe3 Bxc2 13. O-O Be7 14. a5 Qc7
15. Nf4 Bf5 16. Rfe1 O-O 17. Re2 Nbd7 18. Rae1 e5 19. dxe5 Bc5 0-1